Club de football par Joueurs - Statistiques

Statistiques générales
  • Ce quiz a été pris 231 fois
  • Le résultat moyen est 13 sur 15
Statistiques - réponses
Joueurs Club % Correct
Marquinhos; Marco Verratti; Thiago Silva Paris Saint-Germain
99%
Lionel Messi; Andrés Iniesta; Carles Puyol FC Barcelone
98%
Javier Zanetti; Giacinto Facchetti; Lautaro Martínez Inter Milan
96%
Raul; Cristiano Ronaldo; Alfredo Di Stéfano Real Madrid
94%
Thierry Henry; David Seaman; Dennis Bergkamp Arsenal FC
93%
Alessandro Del Piero; Gianluigi Buffon; Omar Sívori Juventus
91%
Sergio Agüero; Yaya Touré; Erling Haaland Manchester City
91%
Steven Gerrard; Ian Rush; Mohamed Salah Liverpool FC
89%
Thomas Müller; Oliver Kahn; Franz Beckenbauer Bayern Munich
88%
Paolo Maldini; Marco van Basten; Andriy Shevchenko AC Milan
87%
Koke; Jan Oblak; Saúl Atlético de Madrid
86%
John Terry; Frank Lampard; Petr Čech Chelsea FC
86%
Johan Cruyff; Jari Litmanen; Dušan Tadić Ajax Amsterdam
84%
Ryan Giggs; Bobby Charlton; Paul Scholes Manchester United
81%
Roman Weidenfeller; Marco Reus; Pierre-Emerick Aubameyang Borussia Dortmund
73%
Aucun quiz correspondant
Distribution des résultats
% des personnes avec chaque résultat
Percentile par nombre de réponses
Votre historique - résultats
Vous n’avez pas pris ce quiz